| 000 | 00577nam a2200241 a 4500 | ||
|---|---|---|---|
| 001 | nice12345678 | ||
| 003 | IN_TiNIC | ||
| 005 | 20260116012039.0 | ||
| 008 | 050524s1957 lona grp 000 0 eng | ||
| 020 |
_a _c48.75 |
||
| 082 | 0 | 0 |
_a968 _bWAL |
| 100 | _aWalker, Eric A | ||
| 245 | _aHistory of Southern Africa | ||
| 260 |
_aLondon _bLongmans, Green and Co _c1957 |
||
| 300 | _a973p | ||
| 500 | _aincludes index and biblioraphy | ||
| 505 | 2 | _aIndex | |
| 650 | _aSouth Asia-History | ||
| 700 | 1 | _aWalker, Eric A | |
| 902 | _bSRS | ||
| 942 | _cBK | ||
| 999 |
_c5416 _d5416 |
||